| 000 | 00516nam a2200169Ia 4500 | ||
|---|---|---|---|
| 008 | 140609s9999 xx 000 0 und d | ||
| 020 | _a9789715506335 | ||
| 050 |
_aPR 9550.9 _b.Ab26 2012 |
||
| 100 | _aAbola, Exie. | ||
| 245 |
_aTrafficking in nostalgia : _bessays from memory / _cExie Abola, |
||
| 260 |
_aQuezon, Philippines : _bAteneo de Manila University Press _cc2012. |
||
| 300 |
_a196 p. : _bill. ; _c18 cm. |
||
| 521 | _aGE | ||
| 650 | _a21st century -- Biography. | ||
| 942 |
_kLOC _cBK |
||
| 999 |
_c118262 _d118262 |
||